[Event "AUS-ch Major"]
[Site "Brisbane"]
[Date "2006.01.04"]
[Round "7"]
[White "Tulevski, Vasil"]
[Black "Lazarus, Benjamin"]
[Result "1/2-1/2"]
[WhiteElo "2021"]
[BlackElo "2155"]
[PlyCount "61"]
[EventDate "2005.12.28"]
[EventType "swiss"]
[EventRounds "11"]
[EventCountry "AUS"]
[SourceTitle "CBM 110 Extra"]
[Source "ChessBase"]
[SourceDate "2006.03.10"]
[SourceVersion "2"]
[SourceVersionDate "2006.03.10"]
[SourceQuality "1"]

1. d4 Nf6 2. c4 c5 3. d5 e6 4. Nc3 exd5 5. cxd5 d6 6. e4 g6 7. f4 Bg7 8. Bb5+ Nbd7 9. e5 dxe5 10. fxe5 Nh5 11. e6 Qh4+ 12. g3 Nxg3 13. hxg3 Qxh1 14. Be3 Bxc3+ 15. bxc3 a6 16. exd7+ Bxd7 17. Bxd7+ Kxd7 18. Qb3 b5 19. 0-0-0 Qg2 20. c4 Rab8 21. Bxc5 bxc4 22. Qc2 Qxg3 23. Ne2 Qg5+ 24. Rd2 Rhe8 25. Qa4+ Rb5 26. Qxa6 Rxc5 27. Qb7+ Rc7 28. Qb5+ Kd8 29. Qb8+ Kd7 30. Qb5+ Kd8 31. Qb8+ 1/2-1/2